000
00332pab a2200145 454500
008
180718b1997 xxu||||| |||| 00| 0 eng d
100
_a
Kapoor, H.L.
245
_a
Women in custody: safeguards against detention
260
_c
1997
300
_a
p.8
362
_a
1 Mar
650
_a
Women
773
_a
Statesman
909
_a
34358
999
_c
34358
_d
34358